| 000 | 00501nam a2200181Ia 4500 | ||
|---|---|---|---|
| 008 | 240925s9999 xx 000 0 und d | ||
| 020 | _a9780670082803 | ||
| 082 | _a959 BHU | ||
| 100 | _aBhutto, Fatima | ||
| 245 | 0 | _aSongs of Blood and sward: a doughter's memoir | |
| 250 | _aNA | ||
| 260 |
_aNew Delhi: _bPenguin Books _c,2010. |
||
| 300 |
_axxxiii,942p. _bN.A _fOriginal |
||
| 500 | _aIncludes Index | ||
| 600 | _aHumanities & Natural Science | ||
| 650 | _aHistory and Geography | ||
| 942 | _cBK | ||
| 999 |
_c10745 _d10745 |
||